[Event "Championnat de France - Open A"]
[Site "Pau"]
[Date "2008.08.21"]
[Round "9.69"]
[White "Vaillant, Stephane"]
[Black "Batteux, Mickael"]
[Result "0-1"]
[WhiteElo "2016"]
[BlackElo "2030"]
[PlyCount "86"]

1. d4 Nf6 2. Nf3 c5 3. d5 b5 4. Bg5 Qa5+ 5. c3 Ne4 6. Bh4 d6 7. Nbd2 Nxd2 8.
Nxd2 Qa4 9. Qxa4 bxa4 10. b3 axb3 11. axb3 h6 12. e4 g5 13. Bg3 Bg7 14. Rc1 f5
15. f3 O-O 16. Be2 a5 17. O-O a4 18. bxa4 Rxa4 19. Bb5 Ra5 20. c4 f4 21. Be1
Bd7 22. Bxd7 Nxd7 23. Bf2 Ra2 24. Rfd1 Rb8 25. Rb1 Rxb1 26. Nxb1 Ne5 27. Nd2
Nd3 28. Kf1 Bc3 29. Be1 Nb2 30. Rc1 Bxd2 31. Bxd2 Nd3 32. Rd1 Ne5 33. Bc1 Nxc4
34. h4 Ne5 35. hxg5 hxg5 36. Bd2 Nc4 37. Bc1 Kf7 38. Kg1 Kf6 39. Kf1 Rc2 40.
Re1 Kg6 41. Kg1 Kh5 42. Kh2 Ne5 43. Kh3 Nd3 0-1

[Event "Championnat de France - Open A"]
[Site "Pau"]
[Date "2008.08.21"]
[Round "9.70"]
[White "Gretry, Patrice"]
[Black "Pradere, Anthony"]
[Result "1-0"]
[WhiteElo "2029"]
[BlackElo "1930"]
[PlyCount "91"]

1. e4 c5 2. Nf3 d6 3. d4 Nf6 4. Nc3 cxd4 5. Nxd4 a6 6. Be3 e6 7. f3 b5 8. Qd2
Nbd7 9. a4 b4 10. Na2 d5 11. Nxb4 dxe4 12. Be2 Bb7 13. O-O Bc5 14. a5 O-O 15.
f4 e5 16. Nf5 Qc7 17. Kh1 Rfd8 18. Qc3 Re8 19. fxe5 Qxe5 20. Qxe5 Rxe5 21. Bxc5
Nxc5 22. Nd6 Re7 23. Bc4 e3 24. Nxb7 Rxb7 25. c3 Re7 26. Rfe1 Nfe4 27. Nd5 Nf2+
28. Kg1 Re5 29. Rxe3 Nce4 30. Rf1 Rc8 31. Nb6 Rce8 32. Bxa6 Rxa5 33. Bc4 Rae5
34. Rf3 R5e7 35. Nd5 Ra7 36. Re1 Kf8 37. Rxf2 Nxf2 38. Rxe8+ Kxe8 39. Kxf2 Kd7
40. Ke3 Kd6 41. Kd4 Ra1 42. Ne3 Rb1 43. b4 Ke7 44. Nf5+ Kf6 45. Nd6 Rb2 46. Bd5
1-0

[Event "Championnat de France - Open A"]
[Site "Pau"]
[Date "2008.08.21"]
[Round "9.71"]
[White "Cheron, Stephane"]
[Black "Busson, Benoist"]
[Result "0-1"]
[WhiteElo "1990"]
[BlackElo "2028"]
[PlyCount "120"]

1. e4 e5 2. Nf3 Nc6 3. d4 exd4 4. Nxd4 Bc5 5. Be3 Qf6 6. c3 Qg6 7. Nd2 Nf6 8.
f3 d6 9. Qe2 Bd7 10. Nb5 Bxe3 11. Qxe3 O-O 12. O-O-O Rfc8 13. g4 a6 14. Nd4 Re8
15. h4 Nd5 16. Qf2 Nf4 17. Qh2 Nxd4 18. Qxf4 Ne6 19. Qg3 Qf6 20. g5 Qf4 21.
Qxf4 Nxf4 22. h5 d5 23. Rh4 Ne6 24. Bh3 Bc6 25. Rg1 Nc5 26. g6 hxg6 27. hxg6
dxe4 28. fxe4 fxg6 29. Rxg6 Bd7 30. Bf5 Rad8 31. Rhg4 Re7 32. R6g5 Bxf5 33.
exf5 Nd3+ 34. Kc2 Ne1+ 35. Kc1 Rxd2 36. Kxd2 Nf3+ 37. Kd3 Nxg5 38. Rxg5 Kf7 39.
Rh5 Kf6 40. Kd4 Re2 41. Rh8 Kxf5 42. Rf8+ Kg6 43. b4 Re7 44. Rb8 c6 45. a4 Kf6
46. c4 g5 47. b5 axb5 48. axb5 cxb5 49. cxb5 g4 50. Rc8 g3 51. Rc3 Rg7 52. Rc1
g2 53. Rg1 Kf5 54. Kc5 Kf4 55. Kb6 Kf3 56. Rc1 Kf2 57. Rc2+ Kg3 58. Rc7 g1=Q+
59. Kxb7 Rxc7+ 60. Kxc7 Qa7+ 0-1

[Event "Championnat de France - Open A"]
[Site "Pau"]
[Date "2008.08.21"]
[Round "9.72"]
[White "Hurpeau, Jean-Marc"]
[Black "Armand, Jerome"]
[Result "0-1"]
[WhiteElo "1966"]
[BlackElo "2020"]
[PlyCount "134"]

1. d4 Nf6 2. Nf3 g6 3. e3 Bg7 4. Be2 c5 5. O-O cxd4 6. exd4 O-O 7. c3 d6 8. h3
Nc6 9. d5 Ne5 10. Bf4 Ned7 11. Bc4 Nb6 12. Bb3 Bf5 13. c4 Rc8 14. Qe2 a5 15.
Nc3 a4 16. Nxa4 Nxa4 17. Bxa4 Nd7 18. Bb5 Nc5 19. Rad1 Ra8 20. a3 h6 21. Rfe1
g5 22. Bc1 Bf6 23. h4 Bg4 24. hxg5 hxg5 25. Qe3 e5 26. dxe6 fxe6 27. b4 Na6 28.
c5 d5 29. Be2 Nc7 30. Nd4 Bf5 31. g4 Be4 32. f3 e5 33. fxe4 exd4 34. Qb3 Be5
35. Rf1 Qe7 36. Kg2 Qh7 37. Rf5 Rxf5 38. exf5 Qh2+ 39. Kf1 Bg3 40. Qf3 Re8 41.
Bd3 Qh3+ 42. Kg1 Qh2+ 43. Kf1 Qh3+ 44. Kg1 Re7 45. b5 Ne8 46. Qxd5+ Kf8 47. Qf3
Nf6 48. Bxg5 Bh2+ 49. Kf2 Nxg4+ 50. Qxg4 Qxg4 51. Bxe7+ Kxe7 52. Re1+ Kf8 53.
Re6 Bg3+ 54. Kg2 Bf4+ 55. Kf2 Be3+ 56. Rxe3 dxe3+ 57. Kxe3 Qg1+ 58. Ke4 Qxc5
59. a4 b6 60. Kf3 Ke7 61. Be4 Kf6 62. Bc6 Kxf5 63. Ke2 Qc3 64. Kf2 Kf4 65. Ke2
Qe3+ 66. Kd1 Qf2 67. Kc1 Ke3 0-1

[Event "Championnat de France - Open A"]
[Site "Pau"]
[Date "2008.08.21"]
[Round "9.73"]
[White "Brih, Touatia"]
[Black "Le Montagner, Yoann"]
[Result "1-0"]
[WhiteElo "1934"]
[BlackElo "2014"]
[PlyCount "93"]

1. e4 c5 2. Nc3 d6 3. g3 Nc6 4. Bg2 Nf6 5. d3 g6 6. Be3 Bg7 7. Qd2 Ng4 8. Bf4
e5 9. Bg5 f6 10. Be3 h5 11. Nf3 Nxe3 12. fxe3 Ne7 13. O-O-O Be6 14. Rhf1 Qa5
15. Kb1 b5 16. Nh4 b4 17. Nd5 Bxd5 18. exd5 Rb8 19. Be4 f5 20. Qf2 Rf8 21. Nxg6
Nxg6 22. Bxf5 Ne7 23. Qe2 Nxf5 24. Qxh5+ Kd7 25. Rxf5 Rbe8 26. Rdf1 Qd8 27. Qg4
Rxf5 28. Rxf5 Re7 29. Rf7+ Kc7 30. Qxg7 Rxf7 31. Qxf7+ Kb6 32. h4 Qc8 33. Qg6
Qf8 34. a3 a5 35. g4 a4 36. Qf5 Qh6 37. axb4 cxb4 38. Qe4 Qxh4 39. Qxb4+ Kc7
40. Qxa4 Qe1+ 41. Ka2 Qxe3 42. Qc6+ Kd8 43. Qxd6+ Ke8 44. Qb8+ Kd7 45. d6 e4
46. Qc7+ Ke6 47. Qe7+ 1-0

[Event "Championnat de France - Open A"]
[Site "Pau"]
[Date "2008.08.21"]
[Round "9.74"]
[White "Cruz, Manuel"]
[Black "Hodot, Yves"]
[Result "0-1"]
[WhiteElo "2001"]
[BlackElo "1963"]
[PlyCount "82"]

1. e4 e6 2. d4 d5 3. Bd3 c5 4. c3 Nf6 5. e5 Nfd7 6. Nf3 Nc6 7. Be3 Qb6 8. b3
Qc7 9. Qc2 h6 10. Qe2 a6 11. Nbd2 b5 12. a3 Na5 13. Bc2 cxd4 14. Bxd4 Nc6 15.
Bd3 Nxd4 16. cxd4 Bxa3 17. O-O Bb2 18. Ra2 Bc3 19. Bxb5 Qb6 20. Rc1 Bxd4 21.
Rc6 Bxf2+ 22. Kf1 axb5 23. Rxb6 Rxa2 24. Qxf2 Nxb6 25. Qxb6 O-O 26. Kf2 f6 27.
Ke3 b4 28. Qxb4 Ra8 29. Qd6 Ra1 30. Nh4 fxe5 31. Ng6 Re1+ 32. Kd3 e4+ 33. Kc3
Re8 34. Ne7+ Kf7 35. Nxc8 Rxc8+ 36. Kd4 Re8 37. Qf4+ Kg8 38. b4 e5+ 39. Qxe5
Rxe5 40. Kxe5 Rd1 41. Nb3 e3 0-1

[Event "Championnat de France - Open A"]
[Site "Pau"]
[Date "2008.08.21"]
[Round "9.75"]
[White "Suez-Panama, Gilles"]
[Black "Lambert, Thierry"]
[Result "1-0"]
[WhiteElo "2093"]
[BlackElo "2000"]
[PlyCount "65"]

1. d4 Nf6 2. Nf3 g6 3. c4 Bg7 4. Nc3 d6 5. e4 O-O 6. Be2 e5 7. O-O Nc6 8. d5
Ne7 9. b4 a5 10. Ba3 axb4 11. Bxb4 b6 12. a4 Ne8 13. a5 bxa5 14. Bxa5 f5 15.
Nd2 fxe4 16. Ndxe4 Nf5 17. c5 Qe7 18. Bc4 Bd7 19. Qd3 Kh8 20. Bb4 Rd8 21. Ra7
dxc5 22. Bxc5 Nfd6 23. Rxc7 Nxc7 24. Bxd6 Qh4 25. Bxc7 Ra8 26. Qg3 Qxg3 27.
hxg3 Rfc8 28. d6 Bf8 29. Bd5 Ra3 30. Rc1 Bf5 31. Nb5 Ra4 32. Nc5 Rb4 33. Na7
1-0

[Event "Championnat de France - Open A"]
[Site "Pau"]
[Date "2008.08.21"]
[Round "9.76"]
[White "Cartigny, Patrick"]
[Black "Auvray, Simon"]
[Result "1-0"]
[WhiteElo "2020"]
[BlackElo "1920"]
[PlyCount "37"]

1. e4 c5 2. Nf3 e6 3. d4 cxd4 4. Nxd4 Nc6 5. Nc3 Qc7 6. Be2 a6 7. O-O Nf6 8. a3
b5 9. Be3 Ne5 10. Qd2 Nc4 11. Bxc4 bxc4 12. f3 Bd6 13. g3 h5 14. Ndb5 axb5 15.
Nxb5 Qc6 16. Nxd6+ Ke7 17. Qb4 Ra4 18. Nxc8+ Kd8 19. Na7 1-0

[Event "Championnat de France - Open A"]
[Site "Pau"]
[Date "2008.08.22"]
[Round "10.1"]
[White "Buscara, Sevan"]
[Black "Brongers, Henk"]
[Result "1-0"]
[WhiteElo "2159"]
[BlackElo "2070"]
[PlyCount "81"]

1. d4 Nf6 2. Nf3 g6 3. Bf4 Bg7 4. e3 O-O 5. Be2 d6 6. O-O Nh5 7. Bg5 h6 8. Bh4
g5 9. Nfd2 gxh4 10. Bxh5 e5 11. c3 f5 12. h3 Nd7 13. f4 e4 14. Nb3 c6 15. c4
Kh7 16. Nc3 Nf6 17. Be2 Bd7 18. Rc1 Be8 19. a3 Rg8 20. c5 d5 21. Nd2 Bh8 22.
Rf2 Bf7 23. b4 a6 24. a4 Qe8 25. Nf1 Bh5 26. Rb1 Bxe2 27. Qxe2 Nd7 28. Qc2 Bf6
29. b5 Rb8 30. Rb3 Bd8 31. Qb1 Ba5 32. Na2 Bc7 33. bxc6 bxc6 34. Nb4 a5 35.
Nxc6 Rxb3 36. Qxb3 Nxc5 37. Qxd5 Nd3 38. Rc2 Ne1 39. Re2 Qg6 40. Ne7 Rd8 41.
Qxd8 1-0

[Event "Championnat de France - Open A"]
[Site "Pau"]
[Date "2008.08.22"]
[Round "10.2"]
[White "Renaudin, Mathieu"]
[Black "Zarrouati, Pierre"]
[Result "1-0"]
[WhiteElo "2146"]
[BlackElo "2188"]
[PlyCount "75"]

1. d4 Nf6 2. c4 d6 3. Nc3 g6 4. e4 Bg7 5. Nf3 O-O 6. Be2 e5 7. Be3 Nbd7 8. O-O
Re8 9. d5 h6 10. Ne1 b6 11. b4 Rf8 12. Rc1 Ne8 13. Nd3 f5 14. f3 a5 15. a3 axb4
16. axb4 Qe7 17. Qd2 Kh7 18. Ra1 Rb8 19. Ra7 Ndf6 20. b5 Nh5 21. Rfa1 Nf4 22.
Nb4 Bd7 23. Bf1 Qd8 24. Kh1 Nf6 25. Na6 Rc8 26. Qd1 Ne8 27. Nb4 Nh5 28. Qe1 f4
29. Bf2 g5 30. Nc6 Bxc6 31. bxc6 Nhf6 32. Rb7 Ra8 33. Nb5 Rxa1 34. Qxa1 g4 35.
Qa7 g3 36. Bxb6 Ng4 37. Nxc7 Nxh2 38. Nxe8 1-0

[Event "Championnat de France - Open A"]
[Site "Pau"]
[Date "2008.08.22"]
[Round "10.3"]
[White "Lambert, Romain"]
[Black "Ferry, Roger"]
[Result "1-0"]
[WhiteElo "1953"]
[BlackElo "2120"]
[PlyCount "99"]

1. d4 d5 2. c4 c6 3. Nc3 Nf6 4. Nf3 dxc4 5. a4 Bf5 6. e3 e6 7. Bxc4 Nbd7 8. Qe2
Be7 9. O-O O-O 10. e4 Bg4 11. Rd1 Qa5 12. e5 Nd5 13. Ne4 Qd8 14. h3 Bh5 15. g4
Bg6 16. Bd3 c5 17. h4 cxd4 18. h5 Bxe4 19. Qxe4 g6 20. Bh6 Re8 21. Qxd4 Rc8 22.
Be4 N7b6 23. a5 Bc5 24. Qd3 Nc4 25. hxg6 Nxb2 26. gxh7+ Kh8 27. Ng5 Qxg5 28.
Bxg5 Nxd3 29. Rxd3 Be7 30. Bxe7 Rxe7 31. Bxd5 exd5 32. Rxd5 Rc4 33. f3 Kxh7 34.
Rad1 Rc2 35. f4 Rec7 36. Rd7 R7c3 37. R1d3 Rc7 38. e6 Kg7 39. Rxc7 Rxc7 40.
exf7 Rxf7 41. Rd4 Kf6 42. Kf2 Ke6 43. Kf3 Rc7 44. f5+ Ke5 45. Re4+ Kd5 46. Kf4
Rc1 47. Re7 Kc6 48. f6 Ra1 49. f7 Rf1+ 50. Kg5 1-0

[Event "Championnat de France - Open A"]
[Site "Pau"]
[Date "2008.08.22"]
[Round "10.4"]
[White "Marcantoni, Herve"]
[Black "Baudson, Charles"]
[Result "1-0"]
[WhiteElo "2198"]
[BlackElo "2041"]
[PlyCount "59"]

1. e4 e6 2. d4 d5 3. Nc3 Nf6 4. Bg5 Bb4 5. e5 h6 6. Be3 Ne4 7. Qg4 Kf8 8. a3
Bxc3+ 9. bxc3 c5 10. Bd3 Nxc3 11. dxc5 Nc6 12. Nf3 f5 13. exf6 Qxf6 14. Nh4 Ne7
15. Ng6+ Nxg6 16. Bxg6 e5 17. Qh5 d4 18. O-O Bd7 19. Bd2 Be8 20. Bxe8 Rxe8 21.
Bxc3 dxc3 22. Rad1 g6 23. Qh3 e4 24. Rd6 Qg7 25. Rfd1 Kg8 26. Qg4 h5 27. Qg3
Kh7 28. Rxg6 Qxg6 29. Rd7+ Kh6 30. Qf4+ 1-0

[Event "Championnat de France - Open A"]
[Site "Pau"]
[Date "2008.08.22"]
[Round "10.5"]
[White "Beghin, Ronan"]
[Black "Chamaillard, Sylvain"]
[Result "1/2-1/2"]
[WhiteElo "2110"]
[BlackElo "2109"]
[PlyCount "88"]

1. e4 c5 2. Nf3 Nf6 3. Nc3 e6 4. d4 d5 5. exd5 Nxd5 6. Nxd5 Qxd5 7. Be3 cxd4 8.
Qxd4 Qxd4 9. Nxd4 a6 10. Nb3 Be7 11. Bd3 Nc6 12. a3 O-O 13. Bb6 Ne5 14. Be2 Nd7
15. Be3 Nf6 16. Bf3 e5 17. O-O-O e4 18. Be2 Be6 19. Nd4 Bg4 20. h3 Bxe2 21.
Nxe2 Rac8 22. Ng3 Rfe8 23. Nf5 Rc7 24. Nxe7+ Rcxe7 25. Rd4 Nd7 26. Rhd1 Nb8 27.
Rd8 f6 28. Bc5 Re6 29. R1d6 Re5 30. b4 Kf7 31. c4 Rxd8 32. Rxd8 Re8 33. Rd6 Re6
34. Kd2 Rxd6+ 35. Bxd6 Nd7 36. Ke3 Ke6 37. Bc7 Ne5 38. Kd4 Nd3 39. f3 Ne1 40.
fxe4 Nxg2 41. b5 Ne1 42. bxa6 bxa6 43. Kc5 Nf3 44. Bd6 Nd2 {suite illisible}
1/2-1/2

[Event "Championnat de France - Open A"]
[Site "Pau"]
[Date "2008.08.22"]
[Round "10.6"]
[White "Veron, Cyprien"]
[Black "Millon, Valentin"]
[Result "1/2-1/2"]
[WhiteElo "2098"]
[BlackElo "1991"]
[PlyCount "144"]

1. Nf3 c5 2. c4 Nf6 3. d4 cxd4 4. Nxd4 Nc6 5. Nc3 g6 6. g3 Bg7 7. Bg2 O-O 8.
O-O Ng4 9. e3 d6 10. h3 Nxd4 11. exd4 Nh6 12. Ne2 Nf5 13. b3 Rb8 14. a4 a6 15.
Bb2 b5 16. axb5 axb5 17. Bc3 bxc4 18. bxc4 Qc7 19. Qd3 Be6 20. d5 Bxc3 21. Nxc3
Bd7 22. Nb5 Qc5 23. Rfb1 Rfc8 24. Bf1 Bxb5 25. Rxb5 Qd4 26. Rab1 Rxb5 27. cxb5
Qxd3 28. Bxd3 Nd4 29. b6 Rb8 30. b7 Nf3+ 31. Kg2 Ne5 32. Ba6 Nd7 33. Re1 Kf8
34. Kg1 Nc5 35. Bf1 Rxb7 36. Rd1 Kg7 37. Bg2 Kf6 38. h4 Rb4 39. Kf1 Ke5 40.
Re1+ Kf6 41. Rd1 Rb6 42. Bf3 e6 43. g4 Ke5 44. Kg2 Rb4 45. h5 g5 46. Re1+ Kf4
47. dxe6 fxe6 48. Rd1 d5 49. Rc1 Rb5 50. Ra1 Rb7 51. Ra5 Rc7 52. Ra8 d4 53.
Rf8+ Ke5 54. Rg8 Ne4 55. h6 d3 56. Rg7 Rxg7 57. hxg7 Nf6 58. Kf1 Kd4 59. Ke1
Ke5 60. Bc6 Kd6 61. Be4 d2+ 62. Kd1 Ke7 63. Bxh7 Kf7 64. g8=Q+ Nxg8 65. Bxg8+
Kxg8 66. Kxd2 Kf7 67. Kd3 Ke7 68. Ke4 Ke8 69. Kd4 Kd8 70. Ke5 Ke7 71. Kd4 Kd8
72. Kc5 Kc7 1/2-1/2

[Event "Championnat de France - Open A"]
[Site "Pau"]
[Date "2008.08.22"]
[Round "10.7"]
[White "Ruffenach, Alain"]
[Black "Platel, Alexandre"]
[Result "0-1"]
[WhiteElo "2100"]
[BlackElo "2190"]
[PlyCount "70"]

1. d4 Nf6 2. Nf3 g6 3. c4 d5 4. cxd5 Nxd5 5. e4 Nb6 6. Nc3 Bg7 7. Be3 O-O 8. h3
N6d7 9. Bc4 c5 10. d5 Qa5 11. O-O Qb4 12. Qe2 Nb6 13. Bd3 N8d7 14. a3 Qb3 15.
Rfb1 Na4 16. Nb5 Nab6 17. Nd2 Qa4 18. Nc7 Rb8 19. Bb5 Qc2 20. Bd3 Qa4 21. Nb5
c4 22. Nxc4 Nxd5 23. exd5 Qxb5 24. Bxa7 Qxd5 25. Bxb8 Nxb8 26. Rd1 Qg5 27. Qd2
Qf6 28. Rab1 Nc6 29. Be4 Nd4 30. Qe3 b5 31. Nd2 Ne6 32. Nf3 Nf4 33. Rbc1 Bh6
34. Kh1 Nxh3 35. Qxh6 Nxf2+ 0-1

[Event "Championnat de France - Open A"]
[Site "Pau"]
[Date "2008.08.22"]
[Round "10.8"]
[White "Iglesias, Joachim"]
[Black "Manoeuvre, Antoine"]
[Result "0-1"]
[WhiteElo "2187"]
[BlackElo "2095"]
[PlyCount "86"]

1. d4 Nf6 2. c4 g6 3. Nc3 Bg7 4. e4 d6 5. Nge2 e5 6. d5 a5 7. Ng3 Na6 8. Be2
Nc5 9. h4 h5 10. Bg5 Bd7 11. Qd2 Qc8 12. O-O-O Ng4 13. Bxg4 Bxg4 14. Rde1 Bd7
15. Kc2 Qb8 16. Nb5 Bxb5 17. cxb5 Qc8 18. Be3 Qd7 19. Bxc5 dxc5 20. a4 b6 21.
Qc3 O-O 22. Nf1 f5 23. Qh3 Rad8 24. f3 fxe4 25. fxe4 Rf2+ 26. Kb1 Qxh3 27. Rxh3
Bh6 28. Rg3 Kg7 29. Ne3 Bf4 30. Rh3 Bxe3 31. Rexe3 Rxg2 32. Rhg3 Rxg3 33. Rxg3
Rf8 34. Rg5 Rf1+ 35. Kc2 Kf6 36. Rg2 Rf4 37. Rd2 Ke7 38. Rg2 Rg4 39. Rxg4 hxg4
40. Kd3 Kf6 41. Ke3 Kg7 42. Kf2 Kh6 43. b3 Kh5 0-1

[Event "Championnat de France - Open A"]
[Site "Pau"]
[Date "2008.08.22"]
[Round "10.9"]
[White "Marciniak, Alexandre"]
[Black "Duchateau, Thomas"]
[Result "1/2-1/2"]
[WhiteElo "2186"]
[BlackElo "2088"]
[PlyCount "29"]

1. e4 g6 2. d4 Bg7 3. Nc3 d6 4. f4 a6 5. Nf3 Nd7 6. a4 b6 7. Bc4 e6 8. f5 exf5
9. O-O Ndf6 10. Ng5 Nh6 11. exf5 Bxf5 12. Bxa6 O-O 13. Bb7 Rb8 14. Bf3 Bg4 15.
Bxg4 1/2-1/2

[Event "Championnat de France - Open A"]
[Site "Pau"]
[Date "2008.08.22"]
[Round "10.10"]
[White "Prodhomme, Boris"]
[Black "Favarel, Antoine"]
[Result "1-0"]
[WhiteElo "2151"]
[BlackElo "2074"]
[PlyCount "67"]

1. d4 d5 2. c4 e6 3. Nc3 Nf6 4. cxd5 exd5 5. Bg5 Be7 6. e3 Nbd7 7. Qc2 c6 8.
Bd3 O-O 9. Nge2 Re8 10. O-O Nf8 11. f3 N6d7 12. Bxe7 Rxe7 13. e4 dxe4 14. fxe4
Nb6 15. Rad1 Bg4 16. Rf2 Rd7 17. Rdf1 Bh5 18. e5 Bg6 19. Bxg6 hxg6 20. Ne4 Nd5
21. Qb3 a5 22. Nd6 a4 23. Qh3 f5 24. Nc3 Ne6 25. Nxd5 Ng5 26. Qd3 cxd5 27. h4
Ne4 28. Nxe4 dxe4 29. Qc4+ Kh7 30. h5 Rxd4 31. hxg6+ Kh8 32. Qf7 e3 33. Rxf5
Rh4 34. Qf8+ 1-0

[Event "Championnat de France - Open A"]
[Site "Pau"]
[Date "2008.08.22"]
[Round "10.11"]
[White "Gozzoli, Cyrille"]
[Black "Derieux, Christian"]
[Result "1-0"]
[WhiteElo "2104"]
[BlackElo "2149"]
[PlyCount "81"]

1. d4 Nf6 2. Nf3 c5 3. c3 b6 4. Bf4 Bb7 5. e3 g6 6. Be2 Bg7 7. a4 a6 8. O-O O-O
9. h3 d6 10. Na3 Nbd7 11. Rc1 Rc8 12. Bh2 Ne4 13. Nd2 Nxd2 14. Qxd2 d5 15. c4
cxd4 16. exd4 dxc4 17. Nxc4 Nf6 18. Rfd1 Nd5 19. Bf3 Ba8 20. b4 Qd7 21. a5 bxa5
22. bxa5 Rfd8 23. Nb6 Nxb6 24. axb6 Bxf3 25. gxf3 Rxc1 26. Qxc1 Qb7 27. Qc7 Rd7
28. Qxb7 Rxb7 29. Bc7 Kf8 30. Kf1 Ke8 31. Ke2 Kd7 32. Kd3 Bf6 33. Kc4 Bh4 34.
Rd2 e6 35. Ra2 Kc6 36. Rc2 Kd7 37. Kb4 Bd8 38. Bxd8 Kxd8 39. Ka5 Rd7 40. Kxa6
Rxd4 41. b7 1-0

[Event "Championnat de France - Open A"]
[Site "Pau"]
[Date "2008.08.22"]
[Round "10.12"]
[White "Debray, Tristan"]
[Black "Dionisi, Thomas"]
[Result "0-1"]
[WhiteElo "2145"]
[BlackElo "2067"]
[PlyCount "52"]

1. e4 c5 2. Nc3 Nc6 3. g3 g6 4. Bg2 Bg7 5. d3 d6 6. Be3 e6 7. Qd2 Nge7 8. Bh6
Bxh6 9. Qxh6 Nd4 10. O-O-O b5 11. Nce2 e5 12. Kb1 Qa5 13. Nxd4 cxd4 14. Bh3 b4
15. f4 Qc5 16. g4 Be6 17. Nf3 Bxa2+ 18. Kxa2 b3+ 19. cxb3 Nc6 20. Nd2 Nb4+ 21.
Kb1 Qc2+ 22. Ka1 Rb8 23. Rc1 Qxd2 24. g5 Nxd3 25. Bd7+ Kxd7 26. Qh3+ Kd8 0-1

[Event "Championnat de France - Open A"]
[Site "Pau"]
[Date "2008.08.22"]
[Round "10.13"]
[White "Grandadam, Nicolas"]
[Black "Ider, Borya"]
[Result "1/2-1/2"]
[WhiteElo "2112"]
[BlackElo "2065"]
[PlyCount "106"]

1. Nf3 Nf6 2. c4 e6 3. Nc3 d5 4. d4 c6 5. Bg5 Nbd7 6. e3 Qa5 7. cxd5 exd5 8.
Bd3 Bd6 9. O-O O-O 10. Qc2 h6 11. Bh4 Re8 12. Rfe1 Bb4 13. a3 Bxc3 14. Qxc3
Qxc3 15. bxc3 Ne4 16. c4 Ndf6 17. Bxf6 Nxf6 18. cxd5 cxd5 19. Rec1 Re7 20. Ne5
Be6 21. a4 Ng4 22. Nxg4 Bxg4 23. Rc5 Be6 24. Rac1 g6 25. Be2 b6 26. R5c3 Kf8
27. Ba6 Ke8 28. Kf1 Kd8 29. Ke1 Bd7 30. Ra1 Bc8 31. Be2 Bb7 32. a5 Rc8 33.
Rxc8+ Bxc8 34. axb6 axb6 35. Rb1 Kc7 36. Kd2 Bf5 37. Rc1+ Kb7 38. Ra1 Rc7 39.
Rc1 Rxc1 40. Kxc1 Kc6 41. Kb2 g5 42. Kc3 Kd6 43. Kb4 Bd7 44. Bh5 f5 45. f4 g4
46. h4 Ke7 47. g3 Kf8 48. Bg6 Kg7 49. h5 Kf6 50. Kc3 Ba4 51. Kb4 Bd7 52. Kc3
Ke7 53. Kb4 Kf6 1/2-1/2

[Event "Championnat de France - Open A"]
[Site "Pau"]
[Date "2008.08.22"]
[Round "10.14"]
[White "Migot, Tanguy"]
[Black "Lallement, Victor"]
[Result "1/2-1/2"]
[WhiteElo "2050"]
[BlackElo "2097"]
[PlyCount "54"]

1. e4 c5 2. Nf3 d6 3. d4 cxd4 4. Nxd4 Nf6 5. Nc3 a6 6. Bc4 e6 7. Bb3 b5 8. Bg5
Be7 9. Qf3 Qb6 10. O-O-O Bb7 11. Be3 Qa5 12. Bxe6 fxe6 13. Nxe6 Rg8 14. g4 b4
15. Nd5 Nxd5 16. exd5 Nd7 17. g5 g6 18. Rhe1 Qxa2 19. Nc7+ Kd8 20. Nxa8 Bxa8
21. Qe4 Re8 22. Qxb4 Bxd5 23. b3 Bc6 24. f4 d5 25. Bb6+ Kc8 26. Rxe7 Rxe7 27.
Qxe7 Nxb6 1/2-1/2

[Event "Championnat de France - Open A"]
[Site "Pau"]
[Date "2008.08.22"]
[Round "10.15"]
[White "Ane, Cedric"]
[Black "Guezennec, Franck"]
[Result "1-0"]
[WhiteElo "2033"]
[BlackElo "2190"]
[PlyCount "81"]

1. e4 c5 2. Nf3 Nc6 3. Bb5 g6 4. Bxc6 dxc6 5. h3 Bg7 6. d3 e5 7. Be3 Qe7 8. Qd2
b6 9. Qc3 Bb7 10. a4 a5 11. Na3 f6 12. Nc4 Qc7 13. O-O Nh6 14. Qb3 Ra6 15. c3
Nf7 16. d4 cxd4 17. cxd4 exd4 18. Nxd4 Bc8 19. Ne2 O-O 20. Nxb6 Qb8 21. Ra3 Re8
22. Nxc8 Rxc8 23. Qc4 Ra8 24. Rb3 Qc7 25. Rc1 Kh8 26. Nd4 Ne5 27. Qc2 Qd7 28.
Ne2 c5 29. Rb5 c4 30. Nf4 Rcb8 31. Rd1 Qc6 32. Rc5 Qb7 33. Bd4 Rc8 34. Rb5 Qf7
35. Nd5 Ra6 36. f4 Nd7 37. Qc3 Kg8 38. Rxa5 Rac6 39. Ra7 Qe6 40. Re1 Ra6 41.
Rxa6 1-0

[Event "Championnat de France - Open A"]
[Site "Pau"]
[Date "2008.08.22"]
[Round "10.16"]
[White "Garro, Pierre"]
[Black "Moucheroud, Jeremy"]
[Result "1-0"]
[WhiteElo "2140"]
[BlackElo "2012"]
[PlyCount "101"]

1. a3 e5 2. c4 Nf6 3. Nc3 c5 4. g3 d5 5. cxd5 Nxd5 6. Bg2 Nc7 7. Nf3 Nc6 8. d3
Be7 9. O-O O-O 10. Bd2 Be6 11. Rc1 f6 12. Na4 Na6 13. Be3 Qa5 14. Qc2 Nd4 15.
Nxd4 cxd4 16. Bxb7 dxe3 17. Qc6 Bb3 18. Bxa8 exf2+ 19. Rxf2 Qxa4 20. Qxa4 Bxa4
21. Bd5+ Kh8 22. b4 Nb8 23. Rc7 Bd8 24. Rxa7 Bc6 25. Bxc6 Nxc6 26. Rb7 Kg8 27.
e3 Ne7 28. Rc2 Nd5 29. Rc8 Bb6 30. Rxf8+ Kxf8 31. a4 Bxe3+ 32. Kf1 Bd2 33. b5
Ba5 34. Ra7 Bb6 35. Ra8+ Ke7 36. a5 Bd4 37. Rb8 Kd6 38. Rb7 Ne7 39. b6 Nc8 40.
Rxg7 Ne7 41. Rxh7 Nc6 42. b7 Ba7 43. a6 Nb8 44. Rh6 Ke7 45. Rh4 Kd7 46. Rc4 Bb6
47. Rc8 Ba7 48. h4 Ke6 49. Ke2 f5 50. Kf3 Kf6 51. Re8 1-0

[Event "Championnat de France - Open A"]
[Site "Pau"]
[Date "2008.08.22"]
[Round "10.17"]
[White "Fernandez, Laura"]
[Black "Fievet, Patrick"]
[Result "0-1"]
[WhiteElo "2003"]
[BlackElo "2091"]
[PlyCount "114"]

1. e4 e6 2. Nf3 d5 3. Nc3 Nf6 4. e5 Ne4 5. Ne2 f6 6. d3 Ng5 7. Nxg5 fxg5 8. Ng3
g6 9. Be2 Bg7 10. d4 c5 11. c3 O-O 12. Be3 cxd4 13. cxd4 Qa5+ 14. Bd2 Qb6 15.
Bxg5 Nc6 16. Be3 Qb4+ 17. Qd2 Qxd2+ 18. Kxd2 Bd7 19. Rhd1 Rfc8 20. Rac1 Bf8 21.
Bd3 Nb4 22. Bb1 Bb5 23. a3 Nc6 24. Ke1 Bc4 25. h4 b5 26. h5 Kf7 27. hxg6+ hxg6
28. Kd2 Na5 29. Bc2 b4 30. Rh1 bxa3 31. Rh7+ Kg8 32. Rch1 Nb3+ 33. Bxb3 Bxb3
34. Rh8+ Kf7 35. R1h7+ Bg7 36. Rxc8 Rxc8 37. bxa3 Rc2+ 38. Kd3 Kg8 39. Rh1 Ra2
40. Kc3 Bc4 41. Rb1 Rxa3+ 42. Kd2 Rb3 43. Ra1 a6 44. Kc2 Bf8 45. Rxa6 Rxe3 46.
Rxe6 Ra3 47. Rxg6+ Kf7 48. Rf6+ Ke8 49. Nf5 Bb4 50. Ne3 Ra2+ 51. Kb1 Rd2 52.
Rb6 Ba5 53. Rb7 Rxd4 54. e6 Rd2 55. Ng4 Bc3 56. Nh6 Rxf2 57. Nf7 Bd3+ 0-1

[Event "Championnat de France - Open A"]
[Site "Pau"]
[Date "2008.08.22"]
[Round "10.18"]
[White "Lagunes, Jean-Renaud"]
[Black "Forestier, Carole"]
[Result "1/2-1/2"]
[WhiteElo "2047"]
[BlackElo "2067"]
[PlyCount "88"]

1. e4 e6 2. d4 d5 3. Nc3 Nf6 4. Bg5 Be7 5. e5 Nfd7 6. h4 Nc6 7. Bxe7 Qxe7 8. a3
Nb6 9. Qd2 Bd7 10. f4 O-O-O 11. Nf3 f6 12. O-O-O Be8 13. h5 Na5 14. Nb1 Nac4
15. Qf2 Rf8 16. Rh4 fxe5 17. Nxe5 Nxe5 18. dxe5 g5 19. hxg6 Bxg6 20. g3 Kb8 21.
Nd2 Qd7 22. Nf3 Qe7 23. Bd3 Bxd3 24. cxd3 c5 25. Rdh1 Rf7 26. Qc2 c4 27. d4 c3
28. b4 Rg8 29. R1h3 a5 30. Rxh7 axb4 31. Rxf7 Qxf7 32. axb4 Rxg3 33. Rh8+ Rg8
34. Rxg8+ Qxg8 35. Ng5 Qf8 36. Nxe6 Qxb4 37. f5 Qa3+ 38. Kd1 Nc4 39. Ke2 Qb2
40. Kd3 Qxc2+ 41. Kxc2 Ne3+ 42. Kxc3 Nxf5 43. Kb4 b6 44. Nf4 Nxd4 1/2-1/2

[Event "Championnat de France - Open A"]
[Site "Pau"]
[Date "2008.08.22"]
[Round "10.19"]
[White "David, Frederic"]
[Black "Guilbert, Jean-Louis"]
[Result "1-0"]
[WhiteElo "2054"]
[BlackElo "2003"]
[PlyCount "41"]

1. e4 c5 2. Nc3 Nc6 3. f4 g6 4. Nf3 Bg7 5. Bb5 Nd4 6. O-O a6 7. Bd3 e6 8. e5 f5
9. exf6 Nxf3+ 10. Qxf3 Nxf6 11. g4 O-O 12. Be2 d5 13. g5 Nh5 14. d3 Be5 15. Qg4
Bxf4 16. Qh4 Bxc1 17. Raxc1 Rxf1+ 18. Rxf1 h6 19. Bxh5 hxg5 20. Qf2 Qe8 21.
Bxg6 1-0